000 00328nam a22001217a 4500
082 _a822
_bFER
100 _aFergusson, Francis
_950696
245 _aThe idea of Theater
_c Francis.Fergusson,
526 _a0
_b0
_c0
_d822_000000000000000_FER
526 _a0
_b0
_c0
_d822_000000000000000_FER
650 _aMCE
_9379
942 _2ddc
_cBK
999 _c553462
_d553462